000 00587nam a22001937a 4500
005 20210426081428.0
008 210215s1932 ||||| |||| 00| 0 eng d
040 _aeng
_cDLC
041 _aeng
080 _a59
_bF-96
100 _9629
_aFulton, F. John
_eEditor
245 _aThe Sign of Babinski / A Study of the Evolution of Cortical Dominance in Primates
_c/ by: Charles C. Thomas
260 _aSpringfield
_bCharles C. Thomas
_c1932
300 _a165 p.
_bill.
650 0 _9466
_aZoology
653 _aზოოლოგია
700 _9884
_aKeller, D. Allen
942 _2udc
_cBK
999 _c1387
_d1387